Maestri della cinepresa (I): l'impronta dei grandi registi (Record n. 83695)

Dettagli MARC
000 -LEADER
fixed length control field 01400nam a2200289Ia 4500
001 - CONTROL NUMBER
control field C7488
003 - CONTROL NUMBER IDENTIFIER
control field IT-RoPAU
008 - FIXED-LENGTH DATA ELEMENTS--GENERAL INFORMATION
fixed length control field 130308s9999 xx 000 0 und d
040 ## - CATALOGING SOURCE
Original cataloging agency IT-RoPAU
040 ## - CATALOGING SOURCE
Transcribing agency IT-RoPAU
041 ## - LANGUAGE CODE
Language code of text/sound track or separate title ITALIANO
100 ## - MAIN ENTRY--PERSONAL NAME
Personal name Porro Maurizio
100 ## - MAIN ENTRY--PERSONAL NAME
Miscellaneous information Codice Aut. SPICS: 2402
245 ## - TITLE STATEMENT
Title Maestri della cinepresa (I): l'impronta dei grandi registi
245 ## - TITLE STATEMENT
Remainder of title Capolavori raccontano un Secolo di Cinema (I)
250 ## - EDITION STATEMENT
Edition statement 1a ed.
260 ## - PUBLICATION, DISTRIBUTION, ETC. (IMPRINT)
Place of publication, distribution, etc. ALBA
260 ## - PUBLICATION, DISTRIBUTION, ETC. (IMPRINT)
Name of publisher, distributor, etc. Periodici San Paolo
260 ## - PUBLICATION, DISTRIBUTION, ETC. (IMPRINT)
Date of publication, distribution, etc. 1994 [1° Ed.:1994 - Ed.Ling.Originale:1994]
300 ## - PHYSICAL DESCRIPTION
Extent "16 p. (prefazione: no ; testo: 16 [pagine: 245-260])"
500 ## - GENERAL NOTE
General note Poeti della settima Musa. Federico Fellini: L'Immaginario al Potere, scheda e Note del Film Otto e mezzo (1963). Orson Welles: Il Grande Solitario, scheda e Note del Film Quarto Potere (1941). Luchino Visconti: L'Esteta, scheda e Note del Film Il Gattopardo (1963). Akira Kurosawa: Il Patriarca, scheda e Note del Film Dersu Uzala Il Piccolo Uomo delle Grandi Pianure (1975). Luis Bunuel: Il Dissacratore, scheda e Note del Film Il fascino Discreto della borghesia (1972). Michelangelo Antonioni: L'Aristocratico. Ingmar Bergman: Il dubbio e la Ricerca, scheda e Note del Film Il Settimo sigillo (1956).
650 ## - SUBJECT ADDED ENTRY--TOPICAL TERM
Topical term or geographic name as entry element GENERI CINEMATOGRAFICI
650 ## - SUBJECT ADDED ENTRY--TOPICAL TERM
Relator term Codice materia Spics: 6810
942 ## - ADDED ENTRY ELEMENTS (KOHA)
Koha item type LIBRO
957 ## -
-- 1
999 ## - SYSTEM CONTROL NUMBERS (KOHA)
-- 1
Dati di copia
Withdrawn status Lost status Damaged status Not for loan Home library Current library Date acquired Total Checkouts Full call number Date last seen Price effective from Koha item type Public note
    Buone Condizioni Not For Loan SPICS-MEDIATECA SPICS-MEDIATECA 08/03/2013   C7488 08/03/2013 08/03/2013 LIBRO Progressivo inserimento: 39163 / N. Volumi: 0 [=Contributo] Copie: 1 / data import: 1 marzo 2013 - By Epidotti, Trombetti, Vaglietti.
CREDITS: SOCIETA' SAN PAOLO Via A.Severo, 58 - ROMA (RM) & PERIODICI SAN PAOLO SRL Via Giotto, 36 MILANO & CISF Via Giotto, 36 MILANO & EDIZIONI SAN PAOLO SRL,  Piazza Soncino, 5 CINISELLO BALSAMO (MI) -- ITALY